[Event "Norway Chess 1st"]
[Site "Stavanger"]
[Date "2013.05.17"]
[Round "8"]
[White "Carlsen, Magnus"]
[Black "Wang, Hao"]
[Result "0-1"]
[WhiteElo "2868"]
[BlackElo "2743"]
[Annotator "Sumets,A"]
[PlyCount "158"]
[EventDate "2013.05.08"]
[EventType "tourn"]
[EventRounds "9"]
[EventCountry "NOR"]
[EventCategory "21"]
[SourceTitle "CBM 155"]
[Source "ChessBase"]
[SourceDate "2013.07.16"]

1. c4 c5 2. Nf3 Nc6 3. Nc3 e5 4. d3 {According to ChessBase 4.g3 or 4.e3 is
more popular.} (4. g3 g6 5. Bg2 Bg7 6. d3 Nge7 7. h4 h6 8. Bd2 d6 9. a3 Be6 10.
Rb1 a5 11. Qc1 Rc8 12. O-O b6 13. e4 Bg4 14. Re1 Kf8 15. Nd5 Nxd5 16. exd5 Bxf3
17. Bxf3 Nd4 18. Bg4 f5 19. Bd1 g5 $132 {Wang Yue-Grischuk,A Istanbul TUR 2012
0-1 (28)}) (4. e3 Nf6 5. d4 cxd4 6. exd4 e4 7. Ne5 Bb4 8. Be2 Qa5 9. O-O Nxe5
10. dxe5 Qxe5 11. Bd2 Bc5 12. Nb5 O-O 13. b4 Be7 (13... Bd4 14. Nxd4 Qxd4 15.
Bf4 Qxd1 16. Rfxd1 b6 17. a4 $44 {Buhmann,R (2579)-Gschnitzer,O (2444) Bonn
2011 1-0 (46)}) 14. f4 Qe6 15. Be3 Bxb4 16. Nc7 Qc6 17. Nxa8 b6 (17... Bc5 18.
Bxc5 Qxc5+ 19. Kh1 d6 20. Rb1 Bd7 $14) 18. Rb1 Bc5 19. Bxc5 bxc5 20. Rb8 $16 {
Aronian,L-Caruana,F Wijk aan Zee NED 2012 1-0 (47)}) 4... d6 5. a3 a5 6. g3
Nge7 (6... g6 7. Bg2 Bg7 8. O-O Nge7 9. Bd2 (9. Bg5 f6 (9... h6 $6 10. Bxe7 $1)
10. Bd2 Be6 11. Ne1 O-O 12. Nd5 Bf7 13. Nxe7+ Qxe7 14. Nc2 f5 15. Ne3 e4 16.
Nd5 Bxd5 17. cxd5 Ne5 18. dxe4 Nc4 19. exf5 Nxb2 20. Qc2 Qxe2 21. Ra2 Nc4 22.
Bc1 {1/2 Nisipeanu,L (2666)-Eljanov,P (2574) Andorra 2003}) (9. Ne1 O-O 10. Nc2
Rb8 (10... Be6 11. Ne3 Rb8 12. Ned5 h6 13. Rb1 Kh7 (13... f5 14. b4 axb4 15.
axb4 cxb4 16. Nxb4 Nxb4 17. Rxb4 d5 18. cxd5 Nxd5 19. Nxd5 Bxd5 20. Rb5 $14)
14. Bd2 f5 15. f4 Ng8 16. b4 axb4 17. axb4 cxb4 18. Nxb4 e4 19. Nbd5 $14 {
Podzielny, K-Sarakauskas,G/Bad Zwischenahn 2002 1-0 (39)}) 11. Rb1 Be6 12. b4
axb4 13. axb4 cxb4 14. Nxb4 Nxb4 15. Rxb4 d5 16. cxd5 Nxd5 17. Nxd5 Bxd5 18.
Rb5 Bxg2 19. Kxg2 Qd7 20. Qb3 $14 {1/2 (62)-1/2 Kramnik,V-Carlsen,M/ London
ENG 2012}) 9... O-O 10. Rb1 Rb8 11. Qa4 Be6 12. Nb5 d5 13. cxd5 Bxd5 14. Nc3 (
14. Rfc1 $5 b6 15. Nc3 Bxf3 16. Bxf3 Nd4 17. Bg2 b5 18. Qd1 $14) 14... Bxf3 15.
Bxf3 Nd4 16. Bg2 b5 17. Qd1 b4 18. Ne4 bxa3 19. bxa3 Rxb1 20. Qxb1 Nxe2+ 21.
Kh1 c4 22. dxc4 f5 $11 {Socko, B-Gershon,A Athens 2005 0-1 (41)}) 7. Bg2 g6 8.
Bg5 $1 $146 (8. O-O) 8... Bg7 9. Bxe7 $1 {In order to better understand
Carlsen's idea I advise you to look at the game Eingorn,V-Borovikov,V
Ordzhonikidze zt 2000 or the game Peelen,P-Polgar,S Hoogovens (B) Wijk aan Zee
1990. Both games were commented on by Ribli.} Qxe7 10. O-O O-O 11. Nd2 Be6 12.
Rb1 Rfc8 $1 {It is not so easy to understand Black's last move. Now Wang Hao
is very well prepared to meet b4.} 13. Nd5 {I think that Carlsen
underestimated the opponent's plan.} (13. e3 $5 Qd7 14. Qa4 Ra6 15. Bd5 Bf5 16.
Nde4 $14) 13... Qd8 14. b4 axb4 15. axb4 Bxd5 $1 {The point of Wang Hao's idea.
} ({Of course he didn't want to take on b4.} 15... cxb4 $6 16. Nxb4 Ra3 (16...
Nxb4 17. Rxb4 Ra2 18. Rxb7 $16) 17. Nd5 Ra7 18. e3 Ne7 19. Nxe7+ Qxe7 20. Rb6
$16 {Black should avoid such a position}) 16. Bxd5 cxb4 17. Ne4 {To regain the
pawn White needs to trade his bishop for Black's knight. It leads to an equal
game.} Rc7 {It would be nice to play f4 and to start an attack on the kingside.
Unfortunately, it's very difficult to put into practice.} 18. Qd2 (18. f4 $6
exf4 19. Rxf4 Be5 {After f4 the black bishop is a very strong piece.} 20. Rf1
Kg7 21. Qd2 h6 $15 {Black's position is better.}) 18... Kh8 $1 (18... h6 $6 19.
f4 $1 Kh7 (19... exf4 $2 20. Qxf4 Qe7 21. Qxd6 $16) 20. f5 $40) 19. Ra1 {
Carlsen accepted the fact that f4 doesn't work.} (19. f4 $2 exf4 20. Qxf4 f5 $1
21. Ng5 Nd4 22. Rf2 Be5 23. Qh4 Bf6 $17) 19... Rb8 ({Houdini recommends} 19...
Rxa1 $5 20. Rxa1 f5 21. Ng5 Bh6 22. Nf7+ Rxf7 23. Qxh6 Rc7 {It seems to me
that final position is better for White.}) 20. Rfb1 h6 21. Bxc6 {He has to
admit that position is equal.} bxc6 22. Rxb4 d5 $11 23. Rxb8 Qxb8 24. Nd6 e4 {
The position is completely equal.} (24... Bf8 25. c5 Kg7 26. Ra6 (26. Qe3 f6
27. d4 Ra7 28. Rxa7+ Qxa7 29. dxe5 Qa1+ 30. Kg2 Qxe5 $11) 26... Bxd6 27. cxd6
Rd7 28. Qc3 Qxd6 29. Rxc6 Qe7 $11) 25. Ra6 exd3 26. exd3 (26. Qxd3 Qb4 $1 27.
Ne8 dxc4 $1 28. Qd8 Qb1+ 29. Kg2 Qe4+ 30. Kg1 Qb1+ $11) 26... Kh7 27. Kg2 (27.
c5 Qb2 28. Qxb2 Bxb2) 27... dxc4 (27... Be5 28. c5 Qb2 29. Qxb2 Bxb2 30. Rb6
Bd4 31. Rb7 Rxb7 32. Nxb7 Kg7 33. Nd8 Bxc5 34. Nxc6 $11) 28. dxc4 Rd7 29. c5 ({
Carlsen could take the pawn} 29. Rxc6 {that leads to a draw:} Qa8 (29... Bf8
30. Qd5 Rxd6 (30... Qa8) 31. Qxf7+ Bg7 32. Qf4 Rd8 33. Qe4 Rd6 34. Qf4 Rd8 $11)
30. Qd5 Bf8 31. h4 h5 32. Kh3 Qa2 33. Kg2 Qa8 $11) 29... Bf8 30. Rb6 Qc7 31.
Rb3 Qa7 $1 (31... Bxd6 $2 32. Rd3 $16) 32. Rc3 $2 {After this mistake White
will fight for a draw.} (32. Qb4 Bxd6 33. cxd6 c5 34. Qf4 Qa8+ 35. Qf3 Qxf3+
36. Rxf3 Kg7 37. Rc3 Rxd6 38. Rxc5 $11) 32... Bxd6 33. cxd6 Qa5 $1 34. h4 Rxd6
35. Qe3 Qd5+ 36. Qf3 h5 (36... c5 $2 37. Rxc5 $1 $11) (36... Qxf3+ $5 {
Probably White should make a draw if he played precisely. However it seems to
me that Black's chances are higher than in the endgame with the extra d5-pawn}
37. Kxf3 Re6 {The white king is cut off from the queenside.}) 37. Qxd5 cxd5 38.
Kf3 $15 {It seems that the endgame is drawish and Magnus Carlsen mostly proved
it.} Kg7 39. Rc7 Kf6 40. Ke3 Ra6 41. Rd7 Ke6 42. Rb7 Ra3+ 43. Kf4 Ra4+ 44. Ke3
Re4+ 45. Kd3 $1 Re1 46. Rb6+ Kf5 47. Rb7 f6 48. Rd7 Re5 49. f3 $5 (49. Rd8 $5 {
also leads to a draw:} Kg4 50. Rg8 Kf3 51. Rxg6 Kxf2 52. Kd4 (52. Rxf6+ Kxg3
$19) 52... Rf5 53. Rg8 Rf3 54. Kxd5 Rxg3 55. Rh8 $11) 49... Ke6 50. Rg7 g5 51.
Rh7 g4 (51... gxh4 52. gxh4 Rf5 53. Ke3 d4+ 54. Kxd4 Rf4+ 55. Ke3 Rxh4 56. Kf2)
52. fxg4 ({White could make draw after} 52. f4 $5 Re1 53. Rxh5 Rg1 54. Kd4 Rxg3
55. Rxd5 f5 56. Ra5 Rf3 57. Ra6+ Kf7 58. Ke5) 52... hxg4 53. Rg7 f5 54. Rg6+
Kf7 55. Ra6 (55. h5 $5 Re1 56. Kd4 Rg1 57. Kxd5 Rxg3 58. Ke5 Rf3 59. Rg5 g3 60.
h6 $11) 55... Re1 56. Kd2 $2 {Why not 56.Kd4?} (56. Kd4 Re4+ 57. Kxd5 Re3 58.
h5 Rxg3 59. Ke5 Rf3 60. Ra7+ Kg8 61. Kf6 g3 62. h6 $11) 56... Rg1 {It seems to
me that White still could save the game but he needed to play very precisely.}
57. Ra3 Rg2+ 58. Ke1 Kf6 59. Kf1 Rc2 60. Ra6+ Ke5 61. h5 Rh2 62. h6 d4 63. Kg1
Rh3 64. Kg2 $2 {The decisive mistake.} (64. Kf2 $1 {It was necessary to take
control of the e3-square.} d3 65. Ra5+ Kd4 (65... Ke4 66. Ra4+) 66. Ra4+ Kc3
67. Ra3+ Kc2 68. Ra2+ Kb3 69. Ra6 Rh2+ (69... d2 70. Ke2 Rh2+ 71. Kd1 Kc3 72.
Ra3+ Kd4 73. h7 Ke4 74. h8=Q Rxh8 75. Kxd2 Rh2+ 76. Ke1 $11) 70. Kg1 (70. Ke1
$2 Kc3 71. Ra3+ Kd4 72. Ra4+ Ke3) 70... Rh3 71. Kf2 $11) 64... d3 $19 65. Ra5+
Kd4 66. Ra4+ Kc3 67. Ra6 (67. Ra3+ Kd2 68. Ra2+ Ke3 $19) 67... d2 68. Rc6+ Kd3
69. Rd6+ Kc2 70. Rc6+ Kd1 71. Rd6 f4 $1 {Wang Hao calculated everything till
the end.} 72. gxf4 Ke2 73. Re6+ Re3 74. Rxe3+ Kxe3 75. h7 d1=Q 76. h8=Q Qf3+
77. Kg1 Qf2+ 78. Kh1 Qf1+ 79. Kh2 g3+ 0-1

[Event "Norway Chess 1st"]
[Site "Stavanger"]
[Date "2013.05.10"]
[Round "3"]
[White "Nakamura, Hikaru"]
[Black "Carlsen, Magnus"]
[Result "1/2-1/2"]
[WhiteElo "2775"]
[BlackElo "2868"]
[Annotator "Marin,M"]
[PlyCount "75"]
[EventDate "2013.05.08"]
[EventType "tourn"]
[EventRounds "9"]
[EventCountry "NOR"]
[EventCategory "21"]
[SourceTitle "CBM 155"]
[Source "ChessBase"]
[SourceDate "2013.07.16"]

1. e4 e5 2. Nc3 Nc6 3. Bc4 Nf6 4. d3 Na5 5. Nge2 Be7 ({In the last and
decisive game of an old Candidates' quarter-final, Black hurried with the
exchange of bishops exchange, thus offering White a wider choice at a later
moment.} 5... Nxc4 6. dxc4 Be7 7. O-O d6 {Now, 8.f4 would transpose to our
game, but Larsen thought} 8. b3 {to be more flexible and he eventually proved
to be right, at least from a practical point of view, see Larsen,B-Portisch,L/
Porec 1968/Candidates/(ChessBase) (1-0, 28)}) 6. O-O d6 7. f4 ({With the
bishop alive, it would make little sense to bury it with} 7. b3 $2) 7... Nxc4
8. dxc4 c6 9. Kh1 O-O $146 {Not fearing the kingside attack.} ({I did not find
anything wrong with the more cautious} 9... h5 10. f5 h4 11. Qd3 Bd7 12. h3 Qc7
13. Be3 O-O-O {Zinn,L (2410)-Kovacs,L (2385)/Decin 1975/EXT 2003 (1/2, 21)})
10. f5 {If allowed to play g4-g5, White would get a very strong attack. With
the d5-square under firm control of the white pawns, a breakthrough seems to
be difficult to cary out, but Carlsen thought differently.} b5 $5 11. cxb5 d5
12. exd5 (12. bxc6 d4 13. Na4 Nxe4 $17) 12... cxd5 13. Bg5 Bb7 $44 {A brief
glance at the position reveals Black's compensation. However, the ulterior
course of the game proves that White's position is easier to handle, since
Black cannot advance any of his pawns without giving away part of his dynamic
potential.} 14. Ng3 h6 15. Bxf6 Bxf6 16. Qe2 Qe7 17. Rad1 Rad8 18. Nh5 e4 19.
Nxf6+ ({It would have made some sense to keep the tension. The h5-knight may
cause some troubles still, for instance with Nxg7, while the f6-bishop is not
going to run away.} 19. Qg4 $5) 19... Qxf6 20. Na4 Ba8 (20... Bc8 $5 {[%csl
Gf5]}) 21. c3 d4 22. cxd4 Rxd4 23. Nc3 Rxd1 24. Nxd1 Rd8 25. Qe3 a6 26. a4 axb5
27. axb5 Rd3 28. Qa7 Bd5 29. Nc3 e3 30. Nxd5 Rxd5 31. Qxe3 Qxb2 32. Qe8+ Kh7
33. Qxf7 Qxb5 34. Qg6+ Kg8 35. Ra1 Rxf5 36. Ra8+ Rf8 37. Rxf8+ Kxf8 38. h3
1/2-1/2

[Event "Norway Chess 1st"]
[Site "Stavanger"]
[Date "2013.05.08"]
[Round "1"]
[White "Carlsen, Magnus"]
[Black "Topalov, Veselin"]
[Result "1/2-1/2"]
[WhiteElo "2868"]
[BlackElo "2793"]
[Annotator "Marin,M"]
[PlyCount "102"]
[EventDate "2013.05.08"]
[EventType "tourn"]
[EventRounds "9"]
[EventCountry "NOR"]
[EventCategory "21"]
[SourceTitle "CBM 155"]
[Source "ChessBase"]
[SourceDate "2013.07.16"]

1. c4 c5 2. Nf3 Nf6 3. g3 ({It is interesting to compare the line played in
this game with that obtained by symmetry:} 3. d4 cxd4 4. Nxd4 g6 5. Nc3 d5 {
This idea had been developed by Korchnoi as a complement to the Grünfeld, one
of his favoured openings half a century ago. He won a couple of games against
6.Bg5, but in his comments he considered} 6. cxd5 Nxd5 7. Ndb5 Nxc3 8. Qxd8+
Kxd8 9. Nxc3 Bg7 10. Bd2 {to be better, slightly favouring White on account of
Black's impossibility to castle. Things are not entirely clear, though, since
the king can reach safety anyway.} Nc6 11. g3 Be6 12. Bg2 Rc8 13. O-O Kc7 ({
Black's coordination looks less harmonious after} 13... Ke8 14. Rfc1 b6 {
Gheorghiu,F (2520)-Petrosian,T (2645) Skopje 1972 (1/2, 32)}) 14. Bf4+ Kb6 15.
Rac1 {Fomichenko,E (2492)-Andonov,B (2326) Rennes 2008 EXT 2009 (1-0, 59)} Rhd8
{with similar play (with reversed colours) as in one of the lines below.}) 3...
Nc6 4. Bg2 d5 5. cxd5 Nxd5 6. d4 {The only way to prevent Black setting up the
Maroczy bind with reversed colours.} cxd4 7. Nxd4 Ndb4 {Not the only possible
reaction, but surely a natural one.} 8. Nxc6 Qxd1+ 9. Kxd1 Nxc6 10. Nc3 ({
Ulf Andersson, in his best days the world's greatest expert at getting an
endgame advantage out of nothing, almost never refrained from a move like} 10.
Bxc6+ {White can hardly claim an advantage here, but the weakness of the pawns
will stay there forever, giving Ulf a clear plan of play.} bxc6 11. Nc3 e5 12.
Be3 h5 (12... Be6 13. Kc2 Bb4 14. Na4 Bf5+ 15. Kc1 a5 16. Bc5 O-O-O 17. Bxb4
axb4 18. Rd1 Kc7 19. b3 h5 20. Rxd8 Rxd8 21. a3 bxa3 22. Rxa3 Ra8 23. Kb2 Rd8
24. Kc1 Ra8 25. Ra1 Ra5 26. Kb2 c5 $11 {Andersson,U (2605)-Sax,G (2610)
Brussels 1988 (1/2, 44)}) 13. h4 Bb4 14. Kd2 Ke7 15. Rhc1 Rd8+ 16. Ke1 Be6 17.
a3 Bxc3+ $6 {Black mistakenly thought that the opposite coloured bishops would
make his defence easier.} (17... Ba5 {[%csl Gc5][%cal Ga5b6]}) 18. Rxc3 Bd5 19.
b4 Rdb8 20. Bd2 Ke6 21. Rc5 Rb5 22. Rcc1 f6 23. a4 Rb7 24. Rc5 $14 {Andersson,
U (2560)-Stean,M (2540) Sao Paulo 1979 (1-0, 52)}) 10... Bd7 {This is not so
much a way to prevent Bxc6+, as it is a preventive measure against Nd5 or Nb5.}
(10... g6 11. Nd5 $36) (10... e5 11. Nb5 $36) 11. Be3 (11. Nd5 O-O-O) (11. Nb5
Kd8) 11... g6 (11... O-O-O {1/2 Kramnik,V (2758)-Kasparov,G (2851)/Frankfurt
2000/CBM 078/(Stohl) (32)}) 12. Rc1 Bg7 13. Kc2 $146 {Entirely in the spirit
of a game mentioned above.} (13. f4 {1-0 Smirin,I (2590)-Alterman,B (2615)/
Dresden 1998/CBM 065/(Stohl) (49)}) (13. Ke1 h5 14. h3 Nd4 {1/2 (14) Izoria,Z 
(2602)-Mikhalevski,V (2572) Lake George 2005}) 13... Rc8 (13... Bf5+ 14. Kb3 {
only helps White activating his king. In certain lines, having the b2-pawn
defended would be quite useful, allowing Na4-c5 or Nd5.} Na5+ (14... Be6+ 15.
Ka3 Rc8 16. Na4 $14) 15. Kb4 Nc6+ 16. Ka3 Rc8 17. Nd5 $14 {[%csl Ga7,Gb7][%cal
Gd5b4] One of the threats is Nb4, putting serious pressure on the black
queenside pawns. here too, the usefullness of the king on a3 is obvious.}) 14.
Rhd1 Na5 15. Bd4 ({If} 15. Kb1 {White has to reckon with a continuation in the
style of Ulf:} Bxc3 $5) 15... Bf5+ 16. e4 Bxd4 17. Rxd4 Be6 18. b3 f6 19. f4
Kf7 20. Kb2 Rhd8 $11 {Black has normal development and White's space advantage
does not count that much. Both participants displayed high fighting spirit,
but the equality will persist, with one exception, until the end.} 21. Rcd1
Rxd4 22. Rxd4 Nc6 23. Rd2 h6 24. Bf3 Bh3 25. Nb5 h5 26. Be2 h4 $6 {This coud
have led to some problems.} 27. Bc4+ $6 (27. gxh4 $5 a6 (27... Rh8 28. h5 gxh5
29. f5 a6 $6 30. Bc4+ Kg7 31. Nc7 $16) 28. Nc3 Rh8 29. h5 gxh5 30. Na4 $14)
27... Be6 28. Bd5 hxg3 29. hxg3 a6 30. Nc3 Rd8 31. Na4 Bxd5 32. exd5 Nb4 33.
Nc3 Nc6 34. Ka3 Na7 35. Kb4 Nc8 36. Ne4 Nd6 37. Nc5 Rc8 38. Ne6 b6 39. Rh2 Nf5
40. g4 Ne3 41. Rh7+ Ke8 42. Rh8+ Kd7 43. Rxc8 Kxc8 44. g5 Nxd5+ 45. Kc4 Ne3+
46. Kd4 Nf5+ 47. Ke4 Kb7 48. Nf8 Nd6+ 49. Kd5 fxg5 50. fxg5 Nf7 51. Nxg6 Nxg5
1/2-1/2